| 000 | 00674nac a22002051u 4500 | ||
|---|---|---|---|
| 010 | _a010060264 | ||
| 020 | _a0333541588 (pbk) | ||
| 082 |
_a828.91209 _bDAV |
||
| 090 |
_c6126 _d6126 |
||
| 100 | _aDavison, P. H. (Peter ), | ||
| 245 |
_aGeorge Orwell : a literary life / _c Peter Davison. |
||
| 260 |
_aBasingstoke : _bMacmillan, c.1996. _cc.1996. |
||
| 300 |
_axxvii, 175 p. ; _c22 cm. |
||
| 500 | _aDistributer: Al-Ahram. | ||
| 504 | _aIncludes bibliography and index. | ||
| 650 | _aOrwell, George, 1903-1950 -- Biography. | ||
| 650 | _aAuthors, English -- Biography. | ||
| 650 | _aEnglish literature | ||
| 942 |
_cBB _k828.91209 DAV |
||
| 999 |
_c6126 _d6126 |
||